[Event "Berlin Lichtenberger op 12th"]
[Site "Berlin"]
[Date "2013.08.23"]
[Round "7"]
[White "Sechting, Martin"]
[Black "Guzzetti, Luigi Enrico"]
[Result "1/2-1/2"]
[WhiteElo "2054"]
[BlackElo "1873"]
[PlyCount "89"]
[EventDate "2013.08.17"]
[EventType "swiss"]
[EventRounds "9"]
[EventCountry "GER"]
[SourceTitle "CBM 156 Extra"]
[Source "ChessBase"]
[SourceDate "2013.10.22"]
[SourceVersion "1"]
[SourceVersionDate "2013.10.22"]
[SourceQuality "1"]

1. d4 Nf6 2. c4 g6 3. Nc3 Bg7 4. e4 d6 5. f4 c5 6. d5 0-0 7. Nf3 e6 8. dxe6 Bxe6 9. Be2 a6 10. Be3 Nc6 11. h3 Qa5 12. 0-0 Rfe8 13. Qxd6 Nd4 14. Nxd4 cxd4 15. Bxd4 Rad8 16. Bb6 Rxd6 17. Bxa5 Rd2 18. e5 Ne4 19. Bf3 Ng3 20. Rf2 Rd7 21. Nd5 Rb8 22. Bb6 h5 23. Rd1 Kh8 24. Kh2 h4 25. b3 g5 26. Be3 Nf5 27. Bc1 b5 28. fxg5 Bxe5+ 29. Bf4 Bxf4+ 30. Nxf4 Rxd1 31. Bxd1 bxc4 32. Nxe6 fxe6 33. bxc4 Rb1 34. Rd2 Rc1 35. Bg4 Ng3 36. Rd1 Rxc4 37. Bxe6 Re4 38. Bg4 Kg7 39. Kg1 Kg6 40. Rd6+ Kxg5 41. Rxa6 Kf4 42. Rf6+ Kg5 43. Rf3 Re1+ 44. Kf2 Re2+ 45. Kg1 1/2-1/2

[Event "Lombardia Region-ch"]
[Site "Saronno"]
[Date "2013.05.26"]
[Round "5"]
[White "Biava, Pierluigi"]
[Black "Guzzetti, Luigi Enrico"]
[Result "1/2-1/2"]
[WhiteElo "1649"]
[BlackElo "1891"]
[PlyCount "125"]
[EventDate "2013.05.24"]
[EventType "swiss"]
[EventRounds "5"]
[EventCountry "ITA"]
[SourceTitle "EXT 2015"]
[Source "ChessBase"]
[SourceDate "2014.11.20"]
[SourceVersion "1"]
[SourceVersionDate "2014.11.20"]
[SourceQuality "1"]

1. c4 Nf6 2. Nf3 g6 3. g3 Bg7 4. Bg2 0-0 5. 0-0 d6 6. Nc3 e5 7. d3 Nbd7 8. h3 a5 9. Be3 Re8 10. Qd2 c6 11. Bh6 Nc5 12. Bxg7 Kxg7 13. Ng5 Qe7 14. Rad1 h6 15. Nge4 Nfxe4 16. Nxe4 Ne6 17. e3 f5 18. Nc3 Bd7 19. b3 Rab8 20. Qb2 Kh7 21. Kh2 Nc7 22. f4 Rf8 23. Qa3 b6 24. Rfe1 Qf6 25. Qc1 Ne6 26. Qa3 Nc7 27. Qb2 Rfe8 28. Qd2 Qe6 29. fxe5 dxe5 30. d4 e4 31. d5 cxd5 32. cxd5 Qd6 33. Bf1 Rbd8 34. a4 h5 35. Bc4 Bc8 36. Qe2 Qf6 37. Nb5 Nxb5 38. Bxb5 Re5 39. Bc6 Rd6 40. Qb5 h4 41. Rg1 hxg3+ 42. Rxg3 f4 43. exf4 Qxf4 44. Rf1 Qd2+ 45. Rg2 Qd3 46. Rg3 Qxb5 47. axb5 Bf5 48. Re3 g5 49. Rg1 Kg6 50. Reg3 Bd7 51. h4 g4 52. Bxd7 Rxd7 53. Rxg4+ Kh5 54. Rg8 Rh7 55. Kh3 Rxd5 56. R1g5+ Rxg5 57. Rxg5+ Kh6 58. Re5 Rf7 59. Kg4 Rf3 60. Rxe4 Rxb3 61. Re6+ Kg7 62. Rxb6 a4 63. Ra6 1/2-1/2

[Event "Gabicce Mare op 1st"]
[Site "Gabicce Mare"]
[Date "2013.01.04"]
[Round "4"]
[White "Rovedi, Mauro"]
[Black "Guzzetti, Luigi Enrico"]
[Result "1-0"]
[WhiteElo "2049"]
[BlackElo "1917"]
[PlyCount "77"]
[EventDate "2013.01.02"]
[EventType "swiss"]
[EventRounds "9"]
[EventCountry "ITA"]
[SourceTitle "EXT 2015"]
[Source "ChessBase"]
[SourceDate "2014.11.20"]
[SourceVersion "1"]
[SourceVersionDate "2014.11.20"]
[SourceQuality "1"]

1. f4 Nf6 2. Nf3 g6 3. g3 Bg7 4. Bg2 d6 5. c3 c5 6. d3 Nc6 7. 0-0 0-0 8. e4 Qb6 9. Kh1 Bg4 10. Nbd2 Rad8 11. Nc4 Qc7 12. Ne3 Bc8 13. Nh4 b5 14. f5 Ne5 15. Nd5 Nxd5 16. exd5 c4 17. d4 Nd3 18. g4 Rfe8 19. Be4 Bf6 20. g5 Bh8 21. Qf3 e6 22. dxe6 fxe6 23. f6 Qf7 24. b4 e5 25. Bd5 Be6 26. Bxe6 Rxe6 27. d5 Ree8 28. Qe4 Rf8 29. a4 a6 30. Be3 Nb2 31. axb5 axb5 32. Ra5 Rb8 33. Ng2 h6 34. h4 hxg5 35. hxg5 Qh7+ 36. Nh4 Rf7 37. Qxg6+ Kf8 38. Rf2 Qxh4+ 39. Rh2 1-0

[Event "Split op 2nd"]
[Site "Split"]
[Date "2012.08.14"]
[Round "4"]
[White "Podoba, Milan"]
[Black "Guzzetti, Luigi Enrico"]
[Result "1-0"]
[WhiteElo "2145"]
[BlackElo "1905"]
[PlyCount "99"]
[EventDate "2012.08.11"]
[EventType "swiss"]
[EventRounds "9"]
[EventCountry "CRO"]
[SourceTitle "CBM 149 Extra"]
[Source "ChessBase"]
[SourceDate "2012.08.24"]
[SourceVersion "1"]
[SourceVersionDate "2012.08.24"]
[SourceQuality "1"]

1. e4 c5 2. Nf3 e6 3. d4 cxd4 4. Nxd4 a6 5. c4 Nf6 6. Nc3 d6 7. Be3 Nc6 8. Be2 Be7 9. 0-0 0-0 10. f4 e5 11. Nxc6 bxc6 12. f5 Rb8 13. Qd2 Bb7 14. Rad1 Qc7 15. g4 d5 16. cxd5 cxd5 17. Nxd5 Nxd5 18. exd5 Bc5 19. Bf2 Rbd8 20. Bf3 Rd6 21. Qc3 Bxf2+ 22. Rxf2 Qe7 23. Be4 Rfd8 24. Rfd2 Qh4 25. Qf3 Rc8 26. Rc2 Rxc2 27. Bxc2 Qg5 28. Be4 Qd8 29. Qc3 f6 30. Qc5 Rd7 31. a3 Kf7 32. Bg2 g6 33. fxg6+ hxg6 34. d6 Bxg2 35. Kxg2 Qa8+ 36. Kg3 Qe4 37. Qf2 f5 38. gxf5 gxf5 39. Qf3 Qxf3+ 40. Kxf3 Ke6 41. h4 Rxd6 42. Rxd6+ Kxd6 43. h5 Ke6 44. b4 Kf6 45. a4 Kg5 46. h6 Kxh6 47. b5 axb5 48. axb5 Kg5 49. b6 e4+ 50. Kf2 1-0

[Event "Split op 2nd"]
[Site "Split"]
[Date "2012.08.11"]
[Round "1"]
[White "Guzzetti, Luigi Enrico"]
[Black "Bender, Ivan"]
[Result "0-1"]
[WhiteElo "1905"]
[BlackElo "2275"]
[PlyCount "90"]
[EventDate "2012.08.11"]
[EventType "swiss"]
[EventRounds "9"]
[EventCountry "CRO"]
[SourceTitle "CBM 149 Extra"]
[Source "ChessBase"]
[SourceDate "2012.08.24"]
[SourceVersion "1"]
[SourceVersionDate "2012.08.24"]
[SourceQuality "1"]

1. e4 c5 2. Nf3 d6 3. d4 cxd4 4. Nxd4 Nf6 5. Nc3 a6 6. Be2 e5 7. Nb3 Be7 8. Be3 0-0 9. 0-0 Qc7 10. a4 b6 11. Qd2 Bb7 12. f3 Nbd7 13. Rfd1 Rac8 14. g4 Qb8 15. Bg5 Rfe8 16. Rac1 Qa8 17. h4 Bc6 18. h5 Bb7 19. Kf2 h6 20. Be3 Rxc3 21. Qxc3 Bxe4 22. Qd2 Bc6 23. a5 Nd5 24. Ra1 b5 25. Rg1 Bh4+ 26. Kg2 Nxe3+ 27. Qxe3 Bg5 28. Qf2 Nf6 29. Kh3 Nd5 30. Raf1 Be3 31. Qe1 Bxg1 32. Rxg1 Re6 33. Kg3 Rf6 34. Nd2 Nf4 35. Bd1 Ne6 36. c3 Ng5 37. Rf1 Rf4 38. Qe2 Qc8 39. Bc2 Bxf3 40. Nxf3 Qxg4+ 41. Kf2 Rxf3+ 42. Ke1 e4 43. Bb3 Qxh5 44. Kd2 Rd3+ 45. Ke1 Nf3+ 0-1

[Event "Bergamo op 11th"]
[Site "Bergamo"]
[Date "2012.07.14"]
[Round "3"]
[White "Guzzetti, Luigi Enrico"]
[Black "Migliorini, Matteo"]
[Result "1-0"]
[WhiteElo "1908"]
[BlackElo "1996"]
[PlyCount "55"]
[EventDate "2012.07.13"]
[EventType "swiss"]
[EventRounds "6"]
[EventCountry "ITA"]
[SourceTitle "EXT 2014"]
[Source "ChessBase"]
[SourceDate "2013.11.20"]
[SourceVersion "1"]
[SourceVersionDate "2013.11.20"]
[SourceQuality "1"]

1. e4 c5 2. Nf3 d6 3. d4 cxd4 4. Nxd4 Nf6 5. Nc3 g6 6. Be2 Bg7 7. 0-0 0-0 8. Be3 Nc6 9. Qd2 Ng4 10. Bxg4 Bxg4 11. h3 Bd7 12. Rad1 Ne5 13. b3 Rc8 14. Nce2 Bc6 15. Nxc6 bxc6 16. c4 c5 17. Bh6 Nc6 18. Bxg7 Kxg7 19. f4 Qb6 20. Qb2+ Kg8 21. f5 Ne5 22. Qd2 Qb7 23. Nc3 Nd7 24. Nd5 Nf6 25. Nxf6+ exf6 26. Qxd6 Qxe4 27. Qxf6 Qe2 28. Rd7 1-0

[Event "Piacenza Province-ch"]
[Site "Piacenza"]
[Date "2012.04.14"]
[Round "3"]
[White "Guzzetti, Luigi Enrico"]
[Black "Bonade, Massimo"]
[Result "0-1"]
[WhiteElo "1943"]
[BlackElo "2064"]
[PlyCount "158"]
[EventDate "2012.04.13"]
[EventType "tourn"]
[EventRounds "5"]
[EventCountry "ITA"]
[SourceTitle "EXT 2016"]
[Source "ChessBase"]
[SourceDate "2015.10.08"]
[SourceVersion "1"]
[SourceVersionDate "2015.10.08"]
[SourceQuality "1"]

1. e4 b6 2. d4 Bb7 3. Bd3 Nf6 4. Qe2 Nc6 5. c3 e5 6. d5 Ne7 7. Bg5 Ng6 8. Nd2 h6 9. Be3 c6 10. c4 Rc8 11. h3 Bc5 12. Bxc5 Nf4 13. Qf3 bxc5 14. Ne2 Nxe2 15. Qxe2 0-0 16. 0-0 Qe7 17. Rad1 Rce8 18. Qe3 Nh5 19. g3 d6 20. Be2 Nf6 21. Nb3 cxd5 22. cxd5 Nh7 23. Na5 f5 24. exf5 Rxf5 25. Bg4 Rff8 26. Be6+ Kh8 27. h4 Ba6 28. Rfe1 Qc7 29. Nb3 Rb8 30. Qc3 Nf6 31. Na5 Qb6 32. b3 Rbe8 33. Bh3 Bc8 34. Nc4 Qc7 35. Bxc8 Rxc8 36. Kg2 Rcd8 37. Re2 Qf7 38. Qd2 Ng4 39. Ne3 Qf3+ 40. Kg1 Nf6 41. Nc4 Ne4 42. Qe1 Nc3 43. Red2 Nxd1 44. Rxd1 Rf7 45. Qd2 Rf6 46. Rf1 Rg8 47. Re1 g5 48. Re3 Qg4 49. hxg5 Rxg5 50. Qe2 Qxe2 51. Rxe2 Rg4 52. Kg2 Rd4 53. Ne3 Kg8 54. f3 a5 55. g4 Kf8 56. Kg3 a4 57. bxa4 Rxa4 58. Nf5 Ra3 59. Rb2 e4 60. Rb8+ Kf7 61. Rb7+ Ke8 62. Re7+ Kf8 63. Rxe4 Rxa2 64. f4 Ra3+ 65. Kh4 Rd3 66. Ne3 Rd4 67. Re6 Rxe6 68. dxe6 Rxf4 69. Nd5 Rf1 70. Kh5 Kg7 71. Kh4 c4 72. Ne3 c3 73. Kg3 Re1 74. Nf5+ Kf6 75. Nd4 Rxe6 76. Kf3 Re5 77. Nc2 d5 78. Kf2 Kg5 79. Kf3 Re4 0-1

[Event "Erba op 6th"]
[Site "Erba"]
[Date "2012.03.10"]
[Round "3"]
[White "Guzzetti, Luigi Enrico"]
[Black "Gonella, Daniele"]
[Result "0-1"]
[WhiteElo "1943"]
[BlackElo "2112"]
[PlyCount "92"]
[EventDate "2012.03.09"]
[EventType "swiss"]
[EventRounds "5"]
[EventCountry "ITA"]
[SourceTitle "EXT 2013"]
[Source "ChessBase"]
[SourceDate "2012.11.22"]
[SourceVersion "1"]
[SourceVersionDate "2012.11.22"]
[SourceQuality "1"]

1. e4 e5 2. Nf3 Nc6 3. Bb5 Nf6 4. 0-0 Nxe4 5. Re1 Nd6 6. Bxc6 dxc6 7. Nxe5 Be7 8. d4 0-0 9. Nc3 Be6 10. Be3 Nf5 11. Ne4 f6 12. Nf3 Nxe3 13. Rxe3 Bd5 14. Qe2 Re8 15. c4 Bf7 16. Rd1 Qd7 17. h3 Rad8 18. b3 a5 19. Qb2 b6 20. Nc3 Bd6 21. Rxe8+ Rxe8 22. d5 cxd5 23. Nxd5 Bh5 24. Qc3 c6 25. Ne3 Bxf3 26. gxf3 Qe6 27. Kg2 Bc5 28. Rd3 f5 29. Qd2 Qg6+ 30. Kh2 Qf6 31. Ng2 Qe5+ 32. f4 Qe2 33. Kg3 Bxf2+ 34. Kh2 Qf1 35. Qd1 Qxd1 36. Rxd1 Re2 37. Rd8+ Kf7 38. Rd7+ Kf8 39. Rd6 Rxa2 40. Rxc6 Rb2 41. Rc8+ Kf7 42. Rc7+ Kg6 43. Rc6+ Kh5 44. Rc7 Kh6 45. Rc6+ g6 46. h4 Rxb3 0-1

[Event "Erba op 6th"]
[Site "Erba"]
[Date "2012.03.10"]
[Round "2"]
[White "Sbarra, Marco"]
[Black "Guzzetti, Luigi Enrico"]
[Result "1-0"]
[WhiteElo "2305"]
[BlackElo "1943"]
[PlyCount "115"]
[EventDate "2012.03.09"]
[EventType "swiss"]
[EventRounds "5"]
[EventCountry "ITA"]
[SourceTitle "EXT 2013"]
[Source "ChessBase"]
[SourceDate "2012.11.22"]
[SourceVersion "1"]
[SourceVersionDate "2012.11.22"]
[SourceQuality "1"]

1. c4 Nf6 2. d4 g6 3. Nc3 Bg7 4. e4 d6 5. Nf3 0-0 6. Be2 c6 7. 0-0 Qc7 8. Bg5 Nbd7 9. Qd2 e5 10. Rfe1 exd4 11. Nxd4 Nc5 12. Bf3 Ne6 13. Nxe6 Bxe6 14. Rad1 Bxc4 15. Qf4 Nd7 16. Be7 Be5 17. Bxd6 Bxf4 18. Bxc7 Bxc7 19. Rxd7 Rac8 20. Bg4 Be6 21. Bxe6 fxe6 22. Kf1 Rf7 23. Red1 Rcf8 24. Rxf7 Rxf7 25. Ke2 Kf8 26. Na4 Ke8 27. Nc5 Bb6 28. Rc1 Bxc5 29. Rxc5 Kd7 30. Ke3 b6 31. Rg5 Kd6 32. f4 c5 33. h4 a6 34. g4 b5 35. h5 gxh5 36. gxh5 c4 37. h6 b4 38. e5+ Kc5 39. Rg7 Rf5 40. Rxh7 Rh5 41. Rc7+ Kb5 42. Kd4 Rxh6 43. Rc5+ Kb6 44. Rxc4 a5 45. Rc2 Rh4 46. Ke4 Kb5 47. b3 a4 48. bxa4+ Kxa4 49. Rc6 Rh6 50. Kf3 Kb5 51. Rc2 Rg6 52. Ke4 Rg4 53. Rh2 Rg6 54. f5 Rg4+ 55. Kf3 exf5 56. Re2 Kc6 57. e6 Kd6 58. e7 1-0

[Event "Milan op 02"]
[Site "Milan"]
[Date "2012.02.19"]
[Round "5"]
[White "Guzzetti, Luigi Enrico"]
[Black "Reale, Simone"]
[Result "0-1"]
[WhiteElo "1905"]
[BlackElo "1904"]
[PlyCount "86"]
[EventDate "2012.02.15"]
[EventType "swiss"]
[EventRounds "6"]
[EventCountry "ITA"]
[SourceTitle "EXT 2014"]
[Source "ChessBase"]
[SourceDate "2013.11.20"]
[SourceVersion "1"]
[SourceVersionDate "2013.11.20"]
[SourceQuality "1"]

1. e4 c5 2. Nf3 d6 3. d4 cxd4 4. Nxd4 Nf6 5. Nc3 a6 6. Be2 e5 7. Nb3 Be7 8. 0-0 0-0 9. Be3 Qc7 10. Qd2 Nbd7 11. Nd5 Nxd5 12. exd5 f5 13. f3 Qd8 14. c4 b6 15. Rfd1 f4 16. Bf2 Bh4 17. g3 fxg3 18. hxg3 Bg5 19. Be3 Bxe3+ 20. Qxe3 Nc5 21. Nxc5 bxc5 22. Kg2 Bd7 23. a3 a5 24. Rab1 a4 25. Rh1 Bf5 26. Bd3 Qf6 27. b4 axb3 28. Rxb3 Ra4 29. g4 Bxd3 30. Qxd3 g6 31. Rb7 Rxc4 32. Rhxh7 Rxg4+ 33. Kh3 Rf4 34. Rbg7+ Qxg7 35. Rxg7+ Kxg7 36. Qa6 Rxf3+ 37. Kg2 R3f6 38. a4 e4 39. a5 e3 40. Qb7+ R8f7 41. Qb2 Kh7 42. Qb5 Rf2+ 43. Kh1 e2 0-1